000 00773nam a2200229 a 4500
001 020935
003 BD-ChCU
005 20251217133404.0
008 Ben
020 _a৯৮৪৪১৫২০৩৮
040 _aDLC
_cDLC
_dBD-ChCU
082 0 0 _a৩২৩.৩৪/মান২না
100 1 _aমান্নান, মোঃ আবদুল
_bমেরী, সামসুননাহার খানম
245 1 0 _aনারী ও রাজনীতি
_cমো: আব্দুল মান্নান
250 _a-
260 _aঢাকা
_bঅবসর
_c২০০৭
300 _a১৪৩
504 _a- Biblio-
650 0 _aনারী
_bরাজনীতি বিজ্ঞান
700 1 _a-
942 _2ddc
_cBK
999 _c20935
_d20935